ARRUPE JESUIT UNIVERSITY

CORONAVIRUS -STOP THE SPREAD - CLEAN,DISINFECT,COVER

Philosophy and technology II : (Record no. 123308)

MARC details
000 -LEADER
fixed length control field 01320cam a2200337 a 4500
001 - CONTROL NUMBER
control field 971260
003 - CONTROL NUMBER IDENTIFIER
control field ARRUPE
005 - DATE AND TIME OF LATEST TRANSACTION
control field 20150909102042.0
008 - FIXED-LENGTH DATA ELEMENTS--GENERAL INFORMATION
fixed length control field 851122s1986 ne b 101 0 eng
010 ## - LIBRARY OF CONGRESS CONTROL NUMBER
LC control number 85028345
020 ## - INTERNATIONAL STANDARD BOOK NUMBER
International Standard Book Number 9027719756
040 ## - CATALOGING SOURCE
Original cataloging agency DLC
Transcribing agency DLC
Modifying agency DLC
050 00 - LIBRARY OF CONGRESS CALL NUMBER
Classification number Q174
Item number .B67 vol. 90
Classification number QA75.5
082 00 - DEWEY DECIMAL CLASSIFICATION NUMBER
Classification number 001/.01 s
-- 004
Edition number 19
300 ## - PHYSICAL DESCRIPTION
Dimensions 23 cm.
245 00 - TITLE STATEMENT
Title Philosophy and technology II :
Remainder of title information technology and computers in theory and practice /
Statement of responsibility, etc edited by Carl Mitcham and Alois Huning.
260 ## - PUBLICATION, DISTRIBUTION, ETC. (IMPRINT)
Place of publication, distribution, etc Dordrecht ;
Name of publisher, distributor, etc D. Reidel Publishing Company
Date of publication, distribution, etc c1986.
300 ## - PHYSICAL DESCRIPTION
Extent xxii, 352 p. ;
440 #0 - SERIES STATEMENT/ADDED ENTRY--TITLE
Title Boston studies in the philosophy of science ;
Volume number/sequential designation v. 90
9 (RLIN) 19540
500 ## - GENERAL NOTE
General note Heelan, Patrick A. - Machine perception.
650 #0 - SUBJECT ADDED ENTRY--TOPICAL TERM
Topical term or geographic name as entry element Electronic data processing
General subdivision Congresses.
9 (RLIN) 19520
650 #0 - SUBJECT ADDED ENTRY--TOPICAL TERM
Topical term or geographic name as entry element Computers
General subdivision Congresses.
9 (RLIN) 19521
650 #0 - SUBJECT ADDED ENTRY--TOPICAL TERM
Topical term or geographic name as entry element Information technology
General subdivision Congresses.
9 (RLIN) 19522
700 1# - ADDED ENTRY--PERSONAL NAME
Personal name Mitcham, Carl.
9 (RLIN) 19541
700 1# - ADDED ENTRY--PERSONAL NAME
Personal name Huning, Alois.
9 (RLIN) 19542
710 2# - ADDED ENTRY--CORPORATE NAME
Corporate name or jurisdiction name as entry element Polytechnic Institute of New York.
Subordinate unit Philosophy & Technology Studies Center.
9 (RLIN) 19543
710 2# - ADDED ENTRY--CORPORATE NAME
Corporate name or jurisdiction name as entry element Society for Philosophy & Technology (U.S.)
9 (RLIN) 19544
740 0# - ADDED ENTRY--UNCONTROLLED RELATED/ANALYTICAL TITLE
Uncontrolled related/analytical title Philosophy and technology 2.
740 0# - ADDED ENTRY--UNCONTROLLED RELATED/ANALYTICAL TITLE
Uncontrolled related/analytical title Philosophy and technology two.
906 ## - LOCAL DATA ELEMENT F, LDF (RLIN)
a 7
b cbc
c orignew
d 1
e ocip
f 19
g y-gencatlg
942 ## - ADDED ENTRY ELEMENTS (KOHA)
Source of classification or shelving scheme Library of Congress Classification
Koha item type Monograph ( Printed materials)
Holdings
Withdrawn status Lost status Source of classification or shelving scheme Damaged status Not for loan Collection code Home library Current library Shelving location Date acquired Total Checkouts Full call number Barcode Date last seen Price effective from Koha item type
    Library of Congress Classification     SPECIAL Collection ARRUPE LIBRARY ARRUPE LIBRARY Reference 09/09/2015   SPCH3.M679 46500003918 09/09/2015 09/09/2015 SPC

 

Arrupe Library. PO Box MP320 Mt Pleasant, Harare, Zimbabwe
263 242 745411|librarian@aju.ac.zw